[Event "North American Open"]
[Site "Las Vegas USA"]
[Date "2003.12.28"]
[Round "4"]
[White "Saidy,A"]
[Black "Ibragimov,I"]
[Result "0-1"]
[WhiteElo "2337"]
[BlackElo "2567"]

1.d4 Nf6 2.c4 e6 3.Nf3 b6 4.g3 Ba6 5.Qa4 Be7 6.Nc3 O-O 7.e4 d5 8.cxd5 Bxf1
9.Kxf1 exd5 10.e5 Ne4 11.Kg2 Nxc3 12.bxc3 Qd7 13.Qxd7 Nxd7 14.Re1 Rfe8 15.Bg5 Bf8
16.Rad1 b5 17.Bc1 Nb6 18.Nh4 a5 19.f4 b4 20.Re3 Nc4 21.Rf3 Reb8 22.cxb4 axb4
23.Rf2 Ra6 24.Re1 Rba8 25.Ree2 c5 26.Nf3 cxd4 27.Ne1 Ne3+ 28.Kf3 Nd1 29.Rg2 Nc3
30.Rd2 Rxa2 31.Bb2 Na4 32.Bxd4 Rxd2 33.Rxd2 b3 34.Nd3 Ba3 35.Ke2 Rc8 36.Bb2 Nxb2
37.Nxb2 Rc2 38.Nd3 b2 39.Rxc2 b1=Q 40.Rc8+  0-1

[Event "National Open"]
[Site "Las Vegas USA"]
[Date "2004.06.20"]
[Round "6"]
[White "Andrianov,N"]
[Black "Ibragimov,I"]
[Result "0-1"]
[WhiteElo "2446"]
[BlackElo "2556"]

1.Nf3 d6 2.d4 Bg4 3.e4 Nf6 4.Nc3 e6 5.Be2 Be7 6.O-O O-O 7.h3 Bh5 8.Re1 c6
9.e5 dxe5 10.Nxe5 Bxe2 11.Nxe2 Nbd7 12.Bg5 Nxe5 13.dxe5 Nd5 14.Bxe7 Qxe7
15.Ng3 Nf4 16.Qd4 Ng6 17.Rad1 Rfd8 18.Qe3 Qb4 19.b3 h6 20.a4 Rd5 21.Rxd5 cxd5
22.Re2 Rc8 23.Nh5 b6 24.f4 Rc3 25.Qd2 a5 26.Kh2 d4 27.g4 d3 28.cxd3 Qxb3
29.Qb2 Rxd3 30.Qxb3 Rxb3 31.Rc2 Rb4 32.Rc8+ Kh7 33.Kg3 Rxa4 34.Rc7 Ra3+ 35.Kh2 Kg8
36.Rc8+ Nf8 37.f5 exf5 38.gxf5 Re3 39.e6 fxe6 40.Rc7 exf5 41.Rxg7+ Kh8 42.Rf7 Nh7
43.h4 Re8 44.Ra7 Nf8 45.Nf6 Re6 46.Rf7 a4 47.h5 a3 48.Nd5 Rd6 49.Nf4 Nd7
50.Re7 a2 51.Re8+ Kg7 52.Ra8 Rd2+ 53.Kg3 Nc5 54.Kf3 Nb3 55.Ke3 Rh2 56.Ra7+ Kg8
57.Ra8+ Kf7 58.Ra7+ Ke8  0-1

[Event "35th Atlantic Open"]
[Site "Washington DC USA"]
[Date "2004.08.27"]
[Round "2"]
[White "Formanek,E"]
[Black "Ibragimov,I"]
[Result "1/2-1/2"]
[WhiteElo "2298"]
[BlackElo "2582"]

1.e4 e6 2.d4 d5 3.e5 b6 4.c3 Qd7 5.a4 a5 6.Nf3 Ne7 7.b3 Ba6 8.Bxa6 Nxa6 9.Na3 Nf5
10.O-O Be7 11.Qe2 h5 12.Re1 g6 13.h3 c5 14.Nb5 h4 15.Bg5 Bxg5 16.Nxg5 Kf8
17.Qf3 Qe7 18.Qf4 Kg7 19.g4 hxg3 20.fxg3 cxd4 21.g4 Nh6 22.cxd4 Rhf8 23.Rac1 Rac8
24.Qf6+ Qxf6 25.exf6+ Kg8 26.Nd6 Rb8 27.Rc6 Nb4 28.Rc7 Rbd8 29.Nb5 Na6 30.Rc6 Nb8
31.Rxb6 Nd7 32.Ra6 Nxf6 33.Rc1 Ne4 34.Nxe4 dxe4 35.Rxa5 f5 36.Ra6 fxg4 37.Rxe6 gxh3
38.Rxg6+ Kh7 39.Rg3 Rg8 40.Kh2 Rxg3 41.Kxg3 Rf8 42.Kxh3 Rf3+ 43.Kg2 Rxb3
44.Re1 Rb4 45.Rxe4 Rxa4 46.Re7+ Kg6 47.Re6+ Kg5 48.Kf3 Ng4 49.Ke4 Ra1 50.Kd5 Nf6+
51.Kc4 Rc1+ 52.Nc3 Kf5 53.Re5+ Kg6 54.d5 Nd7 55.Re3 Nb6+ 56.Kc5 Nxd5 57.Kxd5 Kf5
58.Ne2 Rd1+ 59.Nd4+ Kf4 60.Rf3+ Kg4 61.Rf8 Kg5 62.Rf2 Ra1 63.Ke5 Ra5+ 64.Ke4 Ra8
65.Rf5+ Kg6 66.Rd5 Kf6 67.Kf4 Kg6 68.Rd6+  1/2-1/2

[Event "Millennium Open"]
[Site "Virginia Beach USA"]
[Date "2005.02.26"]
[Round "2"]
[White "Ibragimov,I"]
[Black "Kaufman,La"]
[Result "1-0"]
[WhiteElo "2603"]
[BlackElo "2365"]

1.c4 e6 2.Nf3 b6 3.g3 Bb7 4.Bg2 Nf6 5.O-O Be7 6.Nc3 O-O 7.Re1 Ne4 8.Nxe4 Bxe4
9.d3 Bb7 10.d4 Be4 11.d5 Bf6 12.Nd2 Bxg2 13.Kxg2 d6 14.e4 Nd7 15.f4 Re8 16.Nf3 exd5
17.cxd5 Qc8 18.Qc2 Qb7 19.Bd2 Rac8 20.Rac1 a5 21.a3 g6 22.b4 axb4 23.axb4 Bg7
24.Qd3 Qa8 25.Nd4 Nb8 26.Nb5 Qa6 27.Qc4 Qb7 28.Bc3 Bxc3 29.Rxc3 Red8 30.Rec1 Rd7
31.Ra1 c5 32.Ra7 Qxa7 33.Nxa7 Rxa7 34.e5 Nd7 35.exd6 Rd8 36.Re3 cxb4 37.Re7 Raa8  1-0

[Event "7th Foxwoods Open"]
[Site "Connecticut USA"]
[Date "2005.03.23"]
[Round "1"]
[White "Ibragimov,I"]
[Black "Peric,Sl"]
[Result "1-0"]
[WhiteElo "2603"]
[BlackElo "2230"]

1.e4 e6 2.d4 d5 3.Nc3 Nc6 4.Nf3 Nf6 5.e5 Ne4 6.Bd3 Bb4 7.Bd2 Nxd2 8.Qxd2 f6
9.a3 Bxc3 10.Qxc3 fxe5 11.Bb5 exd4 12.Bxc6+ bxc6 13.Qxc6+ Bd7 14.Qc5 Qe7
15.Qxc7 O-O 16.Qe5 Rf5 17.Qxd4 Bb5 18.Qb4 Qe8 19.Nd4 Re5+ 20.Kd2 Re4 21.Rae1 a5
22.Qc3 Rc8 23.Rxe4 Rxc3 24.Rxe6 Qf7 25.bxc3 Qxf2+ 26.Kc1 Bf1 27.g3 Qg2 28.Rxf1 Qxf1+
29.Kb2 a4 30.Re5 Qh1 31.h4 g6 32.Re3 Kf7 33.Rd3 h6 34.Nc6 d4 35.Rf3+ Ke6
36.Nxd4+ Kd5 37.Rf6 Qe4 38.Nc6 Kc5 39.Nb4 Qg4 40.Rc6+  1-0

[Event "ch-Marshall CC"]
[Site "New York USA"]
[Date "2005.12.10"]
[Round "3"]
[White "Ibragimov,I"]
[Black "Chernin,O"]
[Result "1-0"]
[WhiteElo "2617"]
[BlackElo "2171"]

1.e4 Nf6 2.e5 Nd5 3.d4 d6 4.Nf3 g6 5.Bc4 Nb6 6.Bb3 Bg7 7.O-O O-O 8.c3 Nc6
9.e6 fxe6 10.Ng5 d5 11.f4 Qd6 12.Bc2 Nd7 13.b3 Nf6 14.Ba3 Qd7 15.Nd2 b5 16.Bc5 b4
17.cxb4 Ne8 18.Ndf3 Rxf4 19.b5 Nd8 20.Nxh7 Rxf3 21.Qxf3 Kxh7 22.Qh5+ Kg8
23.Qxg6 Nf6 24.Rxf6  1-0

[Event "ch-Marshall CC"]
[Site "New York USA"]
[Date "2005.12.11"]
[Round "4"]
[White "Ibragimov,I"]
[Black "Bonin,J"]
[Result "1-0"]
[WhiteElo "2617"]
[BlackElo "2315"]

1.e4 c5 2.Nf3 a6 3.c3 d6 4.d4 Qc7 5.h3 Nd7 6.Bd3 e5 7.O-O Be7 8.a4 b6 9.dxe5 dxe5
10.Bc4 Bb7 11.Qb3 O-O-O 12.Bxf7 Bxe4 13.Nbd2 Bd3 14.Re1 e4 15.Nxe4 c4 16.Qa2 Ne5
17.Neg5 Nxf3+ 18.Nxf3 Bf6 19.Be6+ Kb7 20.Be3 Ne7 21.Bd4 Rhf8 22.Re3 Ng6 23.b3 Nf4
24.Bxc4 Bxc4 25.bxc4 Qc6 26.Qa3 Bg5 27.Ne1 Ne6 28.Rf3 Bf4 29.Rb1 Nxd4 30.cxd4 Qxc4
31.Nd3 Bd6 32.Qb2 Qc7 33.Rc1 Qe7 34.Nc5+ Ka7 35.Re3 Qf6 36.Ne6 Bf4 37.Nxf4 Rxd4
38.Nd3  1-0

[Event "Foxwoods Open"]
[Site "Ledyards USA"]
[Date "2006.04.13"]
[Round "2"]
[White "Ibragimov,I"]
[Black "Scekic,M"]
[Result "1-0"]
[WhiteElo "2637"]
[BlackElo "2391"]

1.e4 e5 2.Nf3 Nc6 3.d4 exd4 4.Nxd4 Bc5 5.Nxc6 Qf6 6.Qf3 Qxf3 7.gxf3 bxc6
8.Nd2 Nf6 9.Nb3 Be7 10.Be3 d6 11.O-O-O a5 12.a4 Be6 13.Nd4 Bd7 14.h4 O-O
15.h5 c5 16.Nb5 Ne8 17.h6 g6 18.Nc3 Bc8 19.Bb5 Bb7 20.Rhg1 c6 21.Bc4 Nc7
22.f4 Kh8 23.f5 Rad8 24.Bf4 Ba6 25.Bxa6 Nxa6 26.f6 Bxf6 27.Bxd6 Rfe8 28.e5 Bh4
29.Ne4 Rd7 30.f4 f5 31.Rh1 fxe4 32.Rxh4 Nb4 33.e6 Rxe6 34.Be5+ Rxe5 35.Rxd7 Re8
36.Rh3 Nd5 37.Rb3 e3 38.Rbb7 Nf6 39.Re7  1-0

[Event "National Open"]
[Site "Las Vegas USA"]
[Date "2006.06.16"]
[Round "1"]
[White "Ibragimov,I"]
[Black "Liu,E"]
[Result "1-0"]
[WhiteElo "2637"]
[BlackElo "2162"]

1.e4 Nf6 2.c4 g6 3.Nc3 Bg7 4.d4 d6 5.Bg5 h6 6.Be3 O-O 7.f3 c5 8.Nge2 Nc6
9.Qd2 cxd4 10.Nxd4 Nxd4 11.Bxd4 Be6 12.Be2 Qa5 13.Rc1 Rfc8 14.b3 a6 15.Na4 Qxd2+
16.Kxd2 Nd7 17.Be3 Rab8 18.Nc3 Nc5 19.b4 Nd7 20.Nd5 Bxd5 21.exd5 b5 22.cxb5 Rxc1
23.Rxc1 axb5 24.Bd1 Kf8 25.Rc7 Ke8 26.Ra7 Rc8 27.Be2 Bc3+ 28.Kd1 Rb8 29.a3 Nf6
30.Ra5 Nxd5 31.Ba7 Rd8 32.Bxb5+ Kf8 33.Bc6 Nxb4 34.axb4 Bxb4 35.Rb5 Bc3 36.Rb7 Bf6
37.Bd7 Kg7 38.Kc2 h5 39.Kd3 Ra8 40.Ke4 Rd8 41.f4 Ra8 42.Kd5 Rd8 43.Kc6 Ra8
44.Kc7 Rh8 45.Rb5 Ra8 46.Kb7 Rd8 47.Bc6 Rh8 48.Kc7 Rf8 49.g3 Rg8 50.Kd7 Rf8
51.Bb8 Kh6 52.Bc7 Kg7 53.h3 Rh8 54.Bb6 e5 55.Kxd6 exf4 56.gxf4 Rb8 57.Kc7 Rd8
58.Bd5 Re8 59.Bc5 Re1 60.Rb7 g5 61.fxg5 Bxg5 62.Kc6 Rf1 63.Bd4+ Kg6 64.Rd7 Rc1+
65.Kb5 Rb1+ 66.Kc4 Rc1+ 67.Kb3 Rb1+ 68.Bb2 Rf1 69.Be4+ f5 70.Bd5 Be3 71.h4 Kh6
72.Rd6+ Kh7 73.Bf7  1-0

[Event "34th World Open"]
[Site "Philadelphia USA"]
[Date "2006.06.29"]
[Round "2"]
[White "Zlotnikov,M"]
[Black "Ibragimov,I"]
[Result "0-1"]
[WhiteElo "2364"]
[BlackElo "2637"]

1.c4 f5 2.g3 Nf6 3.Bg2 g6 4.Nf3 Bg7 5.O-O O-O 6.Nc3 d6 7.d4 Nc6 8.d5 Ne5
9.Nxe5 dxe5 10.c5 h6 11.b4 e4 12.Rb1 e6 13.dxe6 Bxe6 14.Qc2 Nd5 15.Nxd5 Qxd5
16.Bf4 Qxa2 17.Qxa2 Bxa2 18.Rbd1 c6 19.Rd7  0-1

[Event "34th World Open"]
[Site "Philadelphia USA"]
[Date "2006.07.01"]
[Round "4"]
[White "Perelshteyn,E"]
[Black "Ibragimov,I"]
[Result "1/2-1/2"]
[WhiteElo "2526"]
[BlackElo "2637"]

1.e4 e5 2.Nf3 Nc6 3.Bb5 a6 4.Ba4 Nf6 5.O-O Be7 6.Re1 b5 7.Bb3 d6 8.c3 O-O
9.d4 Bg4 10.Be3 Bh5 11.h3 exd4 12.cxd4 d5 13.e5 Ne4 14.Nc3 Nxc3 15.bxc3 Na5
16.Bc2 Nc4 17.Bf4 a5 18.g4 Bg6 19.Bf5 Ra6 20.Bg3 b4 21.cxb4 axb4 22.Kg2 Qa8
23.h4 Rxa2 24.Rxa2 Qxa2 25.h5 Bxf5 26.gxf5 b3 27.f6 Bb4 28.fxg7 Re8 29.Ng5 Qd2
30.Qg4 Qxe1 31.Qd7 Re7 32.Qc8+ Kxg7 33.h6+ Kg6 34.Qg4 f5 35.exf6 Qe2 36.Nf3+ Kxf6
37.Qf4+ Kg6 38.Nh4+ Kh5 39.Qf5+ Kxh6 40.Qf6+ Kh5 41.Qf5+ Kh6 42.Qf6+  1/2-1/2

[Event "34th World Open"]
[Site "Philadelphia USA"]
[Date "2006.07.03"]
[Round "7"]
[White "Ibragimov,I"]
[Black "Florean,A"]
[Result "1-0"]
[WhiteElo "2637"]
[BlackElo "2426"]

1.e4 c5 2.Nf3 d6 3.d4 cxd4 4.Nxd4 Nf6 5.Nc3 a6 6.f4 e5 7.Nf3 Qc7 8.Bd3 Be7
9.O-O Nbd7 10.Kh1 O-O 11.a4 b6 12.fxe5 dxe5 13.Nh4 g6 14.Bh6 Rd8 15.Qf3 Bb7
16.Bg5 Kg7 17.Qh3 Ng8 18.Be3 Ndf6 19.Qg3 Kh8 20.Nf3 Bd6 21.Qh4 Kg7 22.Rf2 Bc5
23.Bxc5 Qxc5 24.Raf1 Qe7 25.Qg5 Re8 26.Nh4 Bc8 27.Bc4 Rf8 28.Rf5 h6 29.Qg3 Qc7
30.Rxf6 Nxf6 31.Rxf6 Qxc4 32.Nd5 Kh7 33.Nxg6 Rg8 34.Nde7 Rxg6  1-0

[Event "Empresa A"]
[Site "Montreal CAN"]
[Date "2006.08.14"]
[Round "7"]
[White "Eljanov,P"]
[Black "Ibragimov,I"]
[Result "1-0"]
[WhiteElo "2651"]
[BlackElo "2624"]

1.d4 e6 2.c4 Bb4+ 3.Nd2 f5 4.g3 Nf6 5.Bg2 O-O 6.Nf3 b6 7.Ne5 Ne4 8.O-O Bxd2
9.Bxd2 Bb7 10.Nd3 Nc6 11.e3 Ne7 12.Be1 Nd6 13.c5 Ne4 14.b4 Nd5 15.a4 d6 16.Rc1 Qe8
17.Qc2 Rd8 18.c6 Bc8 19.b5 e5 20.Qb2 exd4 21.Qxd4 Be6 22.Bxe4 fxe4 23.Qxe4 Qf7
24.Bd2 Bh3 25.f3 Bxf1 26.Rxf1 Rde8 27.Qd4 Nf6 28.Nf4 Qb3 29.Bc3 Re5 30.Qd3 Rd5
31.Nxd5 Nxd5 32.Rb1 Qxc3 33.Qxd5+ Kh8 34.Qe4 h6 35.Rf1 Qf6 36.Qd4 Qf7 37.e4 Re8
38.f4 Qa2 39.Re1 Qc2 40.e5 dxe5 41.fxe5 Qa2 42.Qe4 Qe6 43.Re2 Rd8 44.Kg2 Kg8
45.h4 Rd1 46.Kh2 Rd5 47.Qf4 Rc5 48.Qd4 Rd5 49.Qc4 Kf7 50.Qf4+ Kg8 51.Qc4 Kf7
52.Kg2 Kg8 53.h5 Kh8 54.g4 Kg8 55.Kg3 Kf7 56.Qf4+ Ke7 57.Qf5 Rd1 58.Rf2 Rg1+
59.Kh2 Qxf5 60.gxf5 Rg5 61.Rd2 Rxf5 62.Rd7+ Ke6 63.Rxc7 Rxh5+ 64.Kg3 Rg5+
65.Kh4 Rxe5 66.Rxa7 Re4+ 67.Kg3 g5 68.a5 bxa5 69.b6 Rb4 70.c7  1-0

[Event "9th Open"]
[Site "Foxwoods USA"]
[Date "2007.04.04"]
[Round "1"]
[White "Shtivelband,R"]
[Black "Ibragimov,I"]
[Result "1/2-1/2"]
[WhiteElo "2168"]
[BlackElo "2602"]

1.e4 d6 2.d4 g6 3.Nc3 c6 4.f4 d5 5.e5 h5 6.Be3 Nh6 7.h3 Nf5 8.Bf2 e6 9.a3 b6
10.Na4 a5 11.Nf3 Ba6 12.Bd3 Bxd3 13.Qxd3 Nd7 14.b3 b5 15.Nb2 Qb6 16.O-O Be7
17.c4 h4 18.Rfc1 O-O 19.Nd1 bxc4 20.bxc4 Qa6 21.Ne3 dxc4 22.Qxc4 Nxe3 23.Bxe3 Qxc4
24.Rxc4 Nb6 25.Rxc6 Nd5 26.Kf2 a4 27.Nd2 Rfc8 28.Rc4 Rxc4 29.Nxc4 Rc8 30.Rc1 Nxe3
31.Kxe3 Bxa3 32.Ra1 Rxc4 33.Rxa3 Rb4 34.Ke4 Kg7 35.g4 hxg3 36.Rxg3 Kh6 37.Rc3 Rb5
38.Ra3 Ra5 39.Kd3 Kh5 40.Ke4 Kh4 41.Kf3 g5 42.fxg5 Kxh3 43.Kf4+ Kh4 44.Ra1 Kh5
45.Ra3 Kg6 46.Kg4 Kg7 47.Kh5 Ra6 48.Kg4 Kf8 49.Kh5 Kg7  1/2-1/2

[Event "TCh-RUS"]
[Site "Sochi RUS"]
[Date "2007.05.02"]
[Round "1"]
[White "Ibragimov,I"]
[Black "Ovetchkin,R"]
[Result "1/2-1/2"]
[WhiteElo "2602"]
[BlackElo "2554"]

1.e4 c6 2.d4 d5 3.e5 Bf5 4.Be3 e6 5.Nd2 Nd7 6.Be2 f6 7.exf6 Ngxf6 8.g4 Bg6
9.h4 Bd6 10.h5 Be4 11.Nxe4 Nxe4 12.Bd3 O-O 13.c3 Bf4 14.Bxe4 dxe4  1/2-1/2

[Event "TCh-RUS"]
[Site "Sochi RUS"]
[Date "2007.05.05"]
[Round "4"]
[White "Galkin,A"]
[Black "Ibragimov,I"]
[Result "1/2-1/2"]
[WhiteElo "2590"]
[BlackElo "2602"]

1.e4 e6 2.d4 d5 3.Nc3 Bb4 4.e5 c5 5.a3 Bxc3+ 6.bxc3 Qa5 7.Bd2 Qa4 8.Rb1 c4
9.Qc1 Nc6 10.h4 f6 11.Nf3 fxe5 12.dxe5 Nge7 13.h5 h6 14.Rh4 Qa5 15.Be2 Qc7
16.Kf1 Bd7 17.Rg4  1/2-1/2

[Event "ch-USA"]
[Site "Stillwater USA"]
[Date "2007.05.15"]
[Round "1"]
[White "Hess,Ro"]
[Black "Ibragimov,I"]
[Result "0-1"]
[WhiteElo "2412"]
[BlackElo "2602"]

1.e4 e6 2.d4 d5 3.Nc3 Nf6 4.Bg5 dxe4 5.Nxe4 Be7 6.Bxf6 gxf6 7.Nf3 f5 8.Nc3 a6
9.Be2 c5 10.dxc5 Bxc5 11.Qxd8+ Kxd8 12.O-O Nc6 13.Rad1+ Ke7 14.Rfe1 Rd8 15.Rxd8 Nxd8
16.Ne5 Bd4 17.Bf3 Bxc3 18.bxc3 Bd7 19.Rd1 Be8 20.Rd4 f6 21.Nc4 Rc8 22.Rh4 Bg6
23.Rd4 b5 24.Ne3 Rxc3 25.a4 Be8 26.axb5 Bxb5 27.Rh4 Kd6 28.g3 Nf7 29.Bg2 h6
30.Rb4 Kc5 31.Rb2 Ne5 32.Bf1 Nf3+ 33.Kg2 Nd4 34.Bxb5 Nxb5 35.Kf1 Ra3 36.c4 Nd6
37.Ke2 e5 38.f4 Rxe3+  0-1

[Event "ch-USA"]
[Site "Stillwater USA"]
[Date "2007.05.21"]
[Round "7"]
[White "Ibragimov,I"]
[Black "Kudrin,S"]
[Result "0-1"]
[WhiteElo "2602"]
[BlackElo "2556"]

1.Nf3 c5 2.c4 Nc6 3.d4 cxd4 4.Nxd4 Nf6 5.Nc3 e6 6.a3 Be7 7.e4 O-O 8.Be2 d5
9.exd5 exd5 10.Nxc6 bxc6 11.Be3 Be6 12.c5 Ne4 13.Na4 f5 14.O-O f4 15.Bd4 Bf5
16.f3 Ng5 17.b4 Ne6 18.Bf2 Rb8 19.Bd3 Bh4 20.Nc3 Bxf2+ 21.Rxf2 a5 22.Rb1 axb4
23.axb4 Qf6 24.Na4 Qg6 25.Bxf5 Qxf5 26.Nb6 Nc7 27.Rbb2 Nb5 28.Qe1 Rfe8 29.Rfe2 Kf7
30.h3 Nd4 31.Rxe8 Rxe8 32.Qd1 Qe5 33.Rb1 Ne2+  0-1

[Event "ch-USA"]
[Site "Stillwater USA"]
[Date "2007.05.22"]
[Round "8"]
[White "Khachiyan,M"]
[Black "Ibragimov,I"]
[Result "1/2-1/2"]
[WhiteElo "2475"]
[BlackElo "2602"]

1.e4 d6 2.d4 g6 3.Nc3 c6 4.a4 Nf6 5.h3 Bg7 6.Nf3 O-O 7.Be2 Nbd7 8.O-O e5
9.Re1 exd4 10.Nxd4 Re8 11.Bf3 Ne5 12.Bf4 Qb6 13.a5 Qxb2 14.Bd2 Nxf3+ 15.Qxf3 Qb4
16.Nd5 Qxd2 17.Nxf6+ Bxf6 18.Qxf6 Be6 19.a6 Rab8 20.Rab1 Qa5 21.axb7 Rxb7
22.Nxc6 Rxb1 23.Nxa5 Rxe1+ 24.Kh2 Rxe4 25.Nb7 d5 26.Nd6 Ra8 27.Nxe4 dxe4
28.Qe5 Rc8 29.Qxe4 Bf5 30.Qd4 Rxc2 31.Qxa7 h5 32.Qd4 Be6 33.Qf6  1/2-1/2

[Event "ch-USA"]
[Site "Stillwater USA"]
[Date "2007.05.23"]
[Round "9"]
[White "Ibragimov,I"]
[Black "Ivanov,AV USA"]
[Result "1/2-1/2"]
[WhiteElo "2602"]
[BlackElo "2565"]

1.d4 Nf6 2.c4 e6 3.Nf3 b6 4.g3 Ba6 5.b3 Bb4+ 6.Bd2 Be7 7.Nc3 O-O 8.Rc1 Ba3
9.Rc2 Nc6 10.Bc1 Bb4 11.Bg2 Bxc3+ 12.Rxc3 Nb4 13.Ba3 c5 14.Ne5  1/2-1/2

[Event "35th World Open"]
[Site "King of Prussia USA"]
[Date "2007.06.01"]
[Round "4"]
[White "Ibragimov,I"]
[Black "Sadvakasov,D"]
[Result "1/2-1/2"]
[WhiteElo "2602"]
[BlackElo "2618"]

1.d4 Nf6 2.Nf3 e6 3.e3 b6 4.Bd3 Bb7 5.O-O Be7 6.c4 O-O 7.Nc3 d5 8.cxd5 exd5
9.b3 Nbd7 10.Qc2 c5 11.Bb2 Rc8 12.Rac1 Bd6 13.Rfd1 Qe7 14.Qe2 Rcd8 15.Ba6 Ba8
16.Bb5 Ne4 17.dxc5 Nxc3 18.Rxc3 bxc5 19.Rc2 Nf6 20.Nd2 Rb8 21.Bd3 Rfe8 22.Nf1 Rb4
23.Ng3 g6 24.Qd2 Ng4 25.Be2 h5 26.Nf1  1/2-1/2

[Event "10th Foxwoods Open"]
[Site "Ledyard USA"]
[Date "2008.03.22"]
[Round "7"]
[White "Hess,Ro"]
[Black "Ibragimov,I"]
[Result "1-0"]
[WhiteElo "2445"]
[BlackElo "2605"]

1.e4 d6 2.d4 g6 3.Nc3 c6 4.g3 Nf6 5.Bg2 Bg7 6.Nge2 O-O 7.O-O Nbd7 8.h3 e5
9.Be3 Re8 10.g4 h5 11.dxe5 dxe5 12.f3 hxg4 13.fxg4 Nh7 14.Qe1 Bf6 15.Rd1 Qe7
16.Nc1 b6 17.Qd2 Nc5 18.b4 Ne6 19.b5 Bg5 20.bxc6 Bxe3+ 21.Qxe3 Qc7 22.Nd3 Ba6
23.Qf2 Bxd3 24.Nd5 Qxc6 25.Qxf7+ Kh8 26.cxd3 Neg5 27.Qf2 Qd6 28.d4 Ne6 29.Qh4 Ng5
30.Nf6 Re7 31.dxe5  1-0

[Event "UTD Invitational B"]
[Site "Dallas USA"]
[Date "2009.11.24"]
[Round "4"]
[White "Ibragimov,I"]
[Black "Safin,A"]
[Result "1-0"]
[WhiteElo "2577"]
[BlackElo "2115"]

1.c4 Nf6 2.Nc3 c6 3.e4 d5 4.exd5 cxd5 5.d4 e6 6.Nf3 Be7 7.cxd5 Nxd5 8.Bd3 O-O
9.O-O Nc6 10.Re1 Bf6 11.Be4 Nde7 12.Be3 g6 13.Qd2 Qa5 14.a3 Rd8 15.Rad1 Bd7
16.Bb1 Be8 17.Qc1 Rac8 18.b4 Qh5 19.Qb2 Nf5 20.Ne4 Bg7 21.Ng3 Nxg3 22.hxg3 e5
23.Bg5 Rd6 24.Rc1 Bd7 25.dxe5 Nxe5 26.Rxc8+ Bxc8 27.Qc1 Rc6 28.Qd2 Nxf3+
29.gxf3 Be6 30.Be4 Rc8 31.Bxb7 Bc3 32.Qc1 Rc7 33.Rd1 h6 34.Bf6 Bxf6 35.Qxc7 Be5
36.Qe7 Qf5 37.Be4 Qg5 38.Qxg5 hxg5 39.Bd5 Bf5 40.Re1 Bf6 41.Re8+ Kg7 42.Rb8 Bb2
43.a4  1-0

[Event "UTD Invitational B"]
[Site "Dallas USA"]
[Date "2009.11.25"]
[Round "5"]
[White "Bryant,J"]
[Black "Ibragimov,I"]
[Result "1-0"]
[WhiteElo "2359"]
[BlackElo "2577"]

1.e4 c6 2.d4 g6 3.Nc3 d6 4.h3 Bg7 5.g4 b5 6.Bg2 Nd7 7.Be3 Bb7 8.Nge2 b4 9.Nb1 c5
10.Nd2 cxd4 11.Nxd4 Nc5 12.O-O Nf6 13.f3 O-O 14.a3 a5 15.Qe1 Ba6 16.Rf2 bxa3
17.Rxa3 a4 18.Bf1 Qc7 19.Nb1 d5 20.g5 Nh5 21.exd5 Qg3+ 22.Kh1 Qh4 23.Ne2 Rfc8
24.Nbc3 Bb7 25.Bg2 e6 26.Rf1 Qb4 27.dxe6 Nxe6 28.Bc1 Nhf4 29.Nxf4 Nxf4 30.Qe3 Nxg2
31.Kxg2 Rc4 32.Rd1 Bc6 33.Rd3 Qb7 34.Qe2 Rb4 35.Qd2 Bf8 36.Nd5 Bxd5 37.Rxd5 Rb5
38.Rad3 Rxd5 39.Rxd5 Qc6 40.c3 Re8 41.Qd3 Qb6 42.Qd2 h5 43.Qf2 Qa6 44.Be3 Qe6
45.Rd3 Qf5 46.Qd2 Qe5 47.h4 Qb5 48.Bf4 Kh7 49.Kg3 Qb6 50.Rd4 a3 51.bxa3 Bxa3
52.Qa2 Qa7 53.Kg2 Re7 54.Re4 Rb7 55.Be3 Qb8 56.Qxa3 Rb2+ 57.Bf2 Qb6 58.Re3  1-0

[Event "North American Open"]
[Site "Las Vegas USA"]
[Date "2010.12.29"]
[Round "7"]
[White "Ibragimov,I"]
[Black "Arnold,Mar"]
[Result "0-1"]
[WhiteElo "2557"]
[BlackElo "2425"]

1.d4 Nf6 2.c4 e6 3.Nc3 Bb4 4.e3 O-O 5.Bd3 c5 6.Nf3 Bxc3+ 7.bxc3 d6 8.e4 cxd4
9.cxd4 e5 10.O-O Bg4 11.h3 Bxf3 12.Qxf3 exd4 13.Rb1 Nbd7 14.Rxb7 Nc5 15.Rb2 Nfd7
16.Bb1 Ne5 17.Qd1 d3 18.f4 Nxc4 19.Rb4 d5 20.Bxd3 Qa5 21.Bxc4 Qxb4 22.Bxd5 Rae8
23.a3 Qc3 24.Rf3 Qa1 25.Qc2 Na4 26.Kh2 Rc8 27.Qxa4 Rxc1 28.Qxa7 Rh1+ 29.Kg3 Qf6
30.Qc7 Qg6+ 31.Kf2 Rb1 32.Rg3 Rb2+ 33.Kf3 Qa6 34.Kg4 Rb6 35.h4 Rb1 36.f5 Qe2+
37.Kf4 Rf1+ 38.Ke5 Qb2+ 39.Kd6 Qf6+ 40.Kd7 Rc1  0-1

[Event "Corporation Centre Cup A"]
[Site "Izhevsk RUS"]
[Date "2012.07.15"]
[Round "1"]
[White "Kabanova,E"]
[Black "Ibragimov,I"]
[Result "0-1"]
[WhiteElo "2164"]
[BlackElo "2539"]

1.c4 e5 2.Nc3 Nc6 3.Nf3 Nf6 4.e3 g6 5.d4 d6 6.d5 Ne7 7.Be2 Bg7 8.O-O O-O
9.b4 a5 10.bxa5 e4 11.Nd4 c5 12.Nb3 Re8 13.Rb1 Nf5 14.Qc2 Nh4 15.Bb2 Bf5
16.Qd1 Nd7 17.Kh1 Be5 18.g3 Nf3 19.Bxf3 exf3 20.Rc1 Bg4 21.Re1 Qg5 22.Qd3 Qh5
23.Nd2 Bxg3 24.fxg3 f2 25.e4 Ne5 26.Qe3 fxe1=Q+ 27.Rxe1 Bf3+ 28.Kg1 Ng4 29.Qxf3 Qxh2+
30.Kf1 Qxd2 31.Qxg4 Qxb2 32.Nb5 f5 33.Qe2 Qe5 34.Nxd6 Qxd6 35.e5 Qc7 36.d6 Qc6
37.Qd3 Rxa5 38.Re2 Rd8 39.Rd2 Ra6 40.Qe3 Qe4 41.Qxc5 Qf3+ 42.Ke1 Qxg3+ 43.Kf1 Qf3+
44.Ke1 Ra3 45.Qd5+ Qxd5 46.Rxd5 Kf7  0-1

[Event "Corporation Centre Cup A"]
[Site "Izhevsk RUS"]
[Date "2012.07.16"]
[Round "2"]
[White "Ibragimov,I"]
[Black "Severiukhina,Z"]
[Result "1-0"]
[WhiteElo "2539"]
[BlackElo "2337"]

1.d4 Nf6 2.c4 g6 3.Nc3 Bg7 4.e4 d6 5.Bg5 O-O 6.Qd2 c6 7.Bd3 Na6 8.Nge2 Nc7
9.O-O Ne6 10.Bh4 Re8 11.f3 a6 12.a4 Qa5 13.Bf2 Nd7 14.b4 Qh5 15.d5 cxd5 16.cxd5 Bh6
17.f4 Ng7 18.Nd4 Ne5 19.Be2 Bg4 20.h3 Bxe2 21.Ncxe2 e6 22.Qc3 Rac8 23.Qb3 Nc4
24.g4  1-0

[Event "Corporation Centre Cup A"]
[Site "Izhevsk RUS"]
[Date "2012.07.17"]
[Round "3.1"]
[White "Ibragimov,I"]
[Black "Maletin,P"]
[Result "1-0"]
[WhiteElo "2539"]
[BlackElo "2596"]

1.d4 Nf6 2.c4 e6 3.Nf3 Bb4+ 4.Nbd2 O-O 5.a3 Be7 6.e4 d5 7.Qc2 c5 8.dxc5 dxe4
9.Nxe4 Nxe4 10.Qxe4 Nc6 11.Be2 Bxc5 12.b4 f5 13.Qb1 Be7 14.Bb2 a5 15.b5 Nb8
16.O-O Nd7 17.Re1 Nc5 18.Qc2 b6 19.Rad1 Qe8 20.Ne5 Bb7 21.Bf3 Be4 22.Bxe4 fxe4
23.Bd4 Bd6 24.Nc6 Qh5 25.h3 e5 26.Be3 Qg6 27.Re2 Nd3 28.c5 bxc5 29.Qc4+ Kh8
30.Red2 Rae8 31.Kh1 Bc7 32.Rxd3 exd3 33.Qxd3 Qf7 34.Bxc5 e4 35.Qe3 Qh5 36.g4 Qg6
37.Bxf8 Rxf8 38.Rd7 Bf4 39.Qc5 Qf6 40.Qxf8+ Qxf8 41.Rd8 Qxd8 42.Nxd8 Bc7
43.Nf7+ Kg8 44.Ng5 h6 45.Nxe4 Kf7 46.Nd2  1-0

[Event "Corporation Centre Cup A"]
[Site "Izhevsk RUS"]
[Date "2012.07.18"]
[Round "4.1"]
[White "Fedorov,Alex"]
[Black "Ibragimov,I"]
[Result "0-1"]
[WhiteElo "2562"]
[BlackElo "2539"]

1.e4 e6 2.d4 d5 3.Nc3 Nf6 4.e5 Nfd7 5.f4 c5 6.Nf3 Nc6 7.Be3 Be7 8.Qd2 O-O
9.Be2 b6 10.O-O f6 11.exf6 Nxf6 12.Kh1 Bb7 13.Bd3 a6 14.Bg1 Bd6 15.dxc5 bxc5
16.Ng5 Re8 17.Rfe1 Nd4 18.Na4 Qb8 19.Qc3 Nb5 20.Bxb5 d4 21.Qh3 axb5 22.Rxe6 h6
23.Rxf6 hxg5 24.Nb6 Re2 25.Bf2 gxf6 26.Nd7 Qd8 27.Qf5 Kg7  0-1

[Event "34th Rashid Nezhmetdinov Cup"]
[Site "Kazan RUS"]
[Date "2012.09.26"]
[Round "1.8"]
[White "Ismailov,M"]
[Black "Ibragimov,I"]
[Result "0-1"]
[WhiteElo "2209"]
[BlackElo "2546"]

1.d4 Nf6 2.c4 e6 3.Nf3 b6 4.g3 Ba6 5.Qa4 Be7 6.Bg2 c6 7.O-O b5 8.cxb5 cxb5
9.Qd1 Bb7 10.Ne1 Bxg2 11.Nxg2 O-O 12.a4 bxa4 13.Rxa4 Nc6 14.Nc3 d5 15.Nf4 Qb6
16.Nd3 h6 17.Bf4 Rfc8 18.Qa1 a5 19.Rd1 Nd7 20.Be3 Qb7 21.Nc5 Nxc5 22.dxc5 Nb4
23.Rc1 Bxc5 24.Nd1 Bxe3 25.Nxe3 Rxc1+ 26.Qxc1 Rc8 27.Qd2 d4 28.Nf1 Qd5 29.Ra3 Rc2
30.Qf4 Rxe2 31.Qb8+ Kh7 32.Qa7 Re1  0-1

[Event "34th Rashid Nezhmetdinov Cup"]
[Site "Kazan RUS"]
[Date "2012.09.27"]
[Round "2.7"]
[White "Ibragimov,I"]
[Black "Makhmutov,R"]
[Result "1-0"]
[WhiteElo "2546"]
[BlackElo "2399"]

1.Nf3 Nf6 2.c4 b6 3.g3 c5 4.Bg2 Bb7 5.O-O e6 6.Nc3 Be7 7.Re1 d5 8.cxd5 Nxd5
9.e4 Nb4 10.d4 cxd4 11.Nxd4 N8c6 12.Nxc6 Qxd1 13.Rxd1 Bxc6 14.Bf4 g5 15.Be5 f6
16.Bd6 Rd8 17.e5 Bxd6 18.exd6 Bxg2 19.Kxg2 Kd7 20.a3 Nc6 21.Ne4 Rhf8 22.Rac1 Rc8
23.b4 a6 24.a4 Nxb4 25.Rxc8 Kxc8 26.Rc1+ Kb8 27.d7 Rd8 28.Nxf6 h6 29.Re1 Kc7
30.Rxe6 b5 31.axb5 axb5 32.Ne4 Rxd7 33.Nc3 Nc6 34.Nxb5+ Kb6 35.Nd6 Kc5 36.Ne4+ Kd5
37.Rxh6  1-0

[Event "34th Rashid Nezhmetdinov Cup"]
[Site "Kazan RUS"]
[Date "2012.09.28"]
[Round "3.1"]
[White "Vorobiov,E"]
[Black "Ibragimov,I"]
[Result "1/2-1/2"]
[WhiteElo "2594"]
[BlackElo "2546"]

1.d4 Nf6 2.c4 e6 3.g3 Bb4+ 4.Bd2 a5 5.Bg2 O-O 6.e4 d6 7.Ne2 e5 8.a3 Bxd2+
9.Nxd2 c6 10.Qc2 exd4 11.Nxd4 Qb6 12.Qc3 a4 13.O-O Na6 14.h3 Nc5 15.Kh2 Re8
16.Rae1 Qa5 17.Qc2 Be6 18.Re3 Rad8 19.Rfe1 Bc8 20.f4 Re7 21.R1e2 Rde8 22.Re1 Rd8
23.R1e2 Rde8 24.Re1  1/2-1/2